LEADER 00882nam a2200205 i 4500 001 000000042868 003 CaOOAMICUS 005 20120220000000.0 008 120220s1950 it u000 u ita u 013 $a14038 040 $aSeMil$bita 245 13$aIl Credo, o, Il Simbolo apostolico, Parte 1. 300 $a149 p. 650 4$aCredo cattolico.$0(OLS)http://semarc/subject/3362 710 0 $aArcidiocesi di Milano : Ufficio catechistico diocesano.$0(OLS)http://semarc/name/7692 773 0 $aStoppani, Giovanni Maria $tGuida alla catechesi parrocchiale.$dMilano : Pontificia Editrice Arcivescovile Daverio, 1950-1959.$gAnno1$w()846 850 $aSeMil 852 $aSeMil$W1$xVenegono$y1$m2D IV 184$j9023$B9023$CSeMilBibl$Z2$F9023 $81 961 $aOmaggio: Deposito 996 $6245$aIl Credo, o, Il Simbolo apostolico, Parte 1$9(OLS)http://semarc/title/62727 LEADER 01146nam a2200241 i 4500 001 000000178562 003 CaOOAMICUS 005 20090330000000.0 008 090330s1974 it u000 u ita u 013 $a156135 040 $aSeMil$bita 100 1 $aCentro studi e ricerche sulla antica provincia ecclesiastica ravennate.$0(OLS)http://semarc/name/157 245 10$aAtti del Convegno di Ferrara :$b1971 /$cCentro studi e ricerche sulla antica prov. eccl. ravennate. 260 $aCesena :$bBadia di Santa Maria del Monte,$c1974. 300 $a765 p. ;$c25 cm. 490 0 $aRavennatensia ;$v4. 650 4$aEmilia Romagna - Storia religiosa.$0(OLS)http://semarc/subject/6999 830 0$aRavennatensia / Centro studi e ricerche sulla antica provincia ecclesiastica ravennate ;$v4.$0(OLS)http://semarc/title/244 850 $aSeMil 852 $aSeMil$W1$xVenegono$y1$m3A III 177$j129335$B129335$CSeMilBibl$Z2$F140541 $81 961 $aAcquisto: Casa editrice 996 $6245$aAtti del Convegno di Ferrara :$b1971$9(OLS)http://semarc/title/256465 996 $6260$aCesena :$bBadia di Santa Maria del Monte$9(OLS)http://semarc/publisher/29702